NFL Team Receiving Leaders 2021 - Statistics

General Stats
  • This quiz has been taken 117 times
  • The average score is 92 of 160
Answer Stats
Player % Correct
Mark Andrews
99%
Amon-Ra St. Brown
92%
Ja'Marr Chase
92%
A.J. Brown
91%
Antonio Brown
91%
Marquise Brown
91%
Stefon Diggs
90%
Tyreek Hill
88%
Aaron Jones
87%
DeVonta Smith
87%
Donovan Peoples-Jones
87%
Julio Jones
87%
Marvin Jones
87%
Rashard Higgins
87%
Tee Higgins
87%
Tre'Quan Smith
87%
Zay Jones
87%
Chris Moore
86%
Davante Adams
86%
D.J. Moore
86%
Elijah Moore
86%
Rondale Moore
86%
Tyler Boyd
86%
Cooper Kupp
85%
Jared Cook
85%
Justin Jefferson
85%
Michael Pittman Jr.
85%
Van Jefferson
85%
DeAndre Hopkins
84%
Keenan Allen
84%
Kyle Pitts
84%
Travis Kelce
84%
Darrel WIlliams
81%
Deebo Samuel
81%
D.K. Metcalf
81%
Mike Williams
81%
T.J. Hockenson
81%
Tyler Lockett
81%
CeeDee Lamb
80%
Deonte Harris
79%
Diontae Johnson
79%
Najee Harris
79%
Odell Beckham Jr.
79%
Chris Godwin
78%
George Kittle
78%
Terry McLaurin
78%
Adam Thielen
77%
Amari Cooper
77%
Jaylen Waddle
77%
Joe Mixon
77%
Mike Evans
77%
Brandin Cooks
76%
Allen Robinson
74%
Austin Ekeler
74%
Corey Davis
74%
Darnell Mooney
74%
Gabriel Davis
74%
Christian McCaffrey
73%
Dallas Goedert
73%
Rob Gronkowski
73%
Jerry Jeudy
72%
Jonathan Taylor
72%
Darren Waller
70%
Allen Lazard
69%
Chase Claypool
69%
Courtland Sutton
69%
Hunter Henry
69%
Leonard Fournette
67%
Antonio Gibson
66%
Christian Kirk
66%
Hunter Renfrow
66%
Zach Ertz
66%
D'Andre Swift
65%
Alvin Kamara
64%
Brandon Aiyuk
64%
Calvin Ridley
64%
Cole Kmet
64%
Dawson Knox
63%
Emmanuel Sanders
63%
Mecole Hardman
63%
Mike Gesicki
63%
Dalton Schultz
62%
David Njoku
62%
Evan Engram
60%
Jakobi Meyers
60%
Jarvis Landry
60%
Noah Fant
60%
Rashod Bateman
59%
Tyler Higbee
59%
Robby Anderson
58%
Robert Woods
58%
Michael Gallup
57%
Cordarelle Patterson
56%
Kenny Golladay
56%
Cole Beasley
55%
DeVante Parker
55%
Quez Watkins
53%
Sammy Watkins
53%
T.Y. Hilton
53%
Pat Freiermuth
52%
Sterling Shepard
51%
A.J. Green
50%
Darius Slayton
50%
Marquez Valdes-Scantling
49%
Mo Alie-Cox
49%
Nico Collins
49%
Randall Cobb
49%
Cedrick Wilson Jr.
48%
Nelson Agholor
45%
Tim Patrick
45%
Austin Hooper
44%
Alexander Mattison
42%
Kendrick Bourne
42%
Kyle Juszczyk
42%
Bryan Edwards
41%
C.J. Uzomah
41%
Devin Duvernay
41%
K.J. Osborn
40%
Myles Gaskin
37%
Gerald Everett
36%
Jalen Reagor
36%
Kadarius Toney
36%
J.D. McKissic
35%
Byron Pringle
33%
James Washington
33%
Russell Gage
33%
Jauan Jennings
30%
Laviska Shenault Jr.
30%
Marquez Callaway
30%
Will Dissly
29%
Henry Ruggs III
27%
Josh Reynolds
27%
Braxton Berrios
26%
Kalif Raymond
26%
Kenneth Gainwell
26%
Tyler Conklin
26%
Adam Trautman
24%
Zach Pascal
24%
Jamison Crowder
23%
Marquise Goodwin
23%
Jalen Guyton
22%
Nick Westbrook-Ikhine
22%
Olamide Zaccheaus
22%
Dan Arnold
21%
Anthony Firkser
19%
Adam Humphries
15%
Brandon Bolden
15%
Danny Amendola
14%
DeAndre Carter
14%
James O’Shaughnessy
14%
Damiere Byrd
13%
Chris Conley
12%
Keelan Cole
12%
Durham Smythe
10%
Laquon Treadwell
10%
Albert Okwuegbunam
8%
Chester Rogers
7%
Ameer Abdullah
5%
Freddie Swain
5%
Brandon Zylstra
2%
No matching quizzes found
Score Distribution
Percent of People with Each Score
Percentile by Number Answered
Your Score History
You have not taken this quiz